Sequel, Trilogy or Stand Alone Movie? II Quiz Stats

 Plays Quiz Updated Jul 22, 2018

Challenge
Share
Tweet
Embed
Score 0/25 Timer 06:00
9 Plays Today
Question Answer Wrong Answers
Groundhog Day
1993
Stand Alone
93.7%
Sequel
3.9%
Trilogy
0.4%
Gladiator
2000
Stand Alone
93.5%
Sequel
3.7%
Trilogy
0.8%
Napoleon Dynamite
2004
Stand Alone
91.2%
Sequel
5.8%
Trilogy
1%
The Usual Suspects
1995
Stand Alone
90.7%
Sequel
6%
Trilogy
1.1%
Fargo
1996
Stand Alone
90.7%
Sequel
6.4%
Trilogy
0.8%
The Hobbit: An Unexpected Journey
2012
Trilogy
89.9%
Stand Alone
2.4%
Sequel
5.8%
The Simpsons Movie
2007
Stand Alone
89.9%
Sequel
6.4%
Trilogy
1.7%
Office Space
1999
Stand Alone
89.3%
Sequel
7.5%
Trilogy
1%
Austin Powers: International Man of Mystery
1997
Trilogy
86.9%
Stand Alone
1.7%
Sequel
9.4%
Men In Black
1997
Trilogy
86.5%
Stand Alone
1.1%
Sequel
10.4%
The Chronicles of Narnia: The Lion, the Witch and the Wardrobe
2005
Trilogy
85.5%
Stand Alone
3.6%
Sequel
8.9%
Young Frankenstein
1974
Stand Alone
82.7%
Sequel
13.1%
Trilogy
2.1%
Kick-Ass
2010
Sequel
77.9%
Stand Alone
15.7%
Trilogy
4.4%
Madagascar
2005
Trilogy
76.9%
Stand Alone
3.9%
Sequel
17.2%
Blade Runner
1982
Sequel
76.6%
Stand Alone
11%
Trilogy
10.5%
Grown Ups
2010
Sequel
75.6%
Stand Alone
16.8%
Trilogy
5.6%
Independence Day
1996
Sequel
75%
Stand Alone
20.1%
Trilogy
2.9%
Tron
1982
Sequel
73.1%
Stand Alone
18.3%
Trilogy
6.6%
Hellboy
2004
Sequel
68.8%
Stand Alone
10.8%
Trilogy
18.3%
28 Days Later
2002
Sequel
62.6%
Stand Alone
25.1%
Trilogy
10.3%
Beverly Hills Cop
1984
Trilogy
62.1%
Stand Alone
8.4%
Sequel
27.6%
The Mask
1994
Sequel
54.8%
Stand Alone
37.1%
Trilogy
6.1%
The Mighty Ducks
1992
Trilogy
51.3%
Stand Alone
18.8%
Sequel
27.9%
Harold & Kumar Go to White Castle
2004
Trilogy
35.1%
Stand Alone
14%
Sequel
48.9%
Chinatown
1974
Sequel
26.1%
Stand Alone
70.2%
Trilogy
1.6%

You're not logged in!

Compare scores with friends on all Sporcle quizzes.
Join for Free
OR
Log In

You Might Also Like...

Show Comments

Extras

Top Quizzes Today


Score Distribution

Your Account Isn't Verified!

In order to create a playlist on Sporcle, you need to verify the email address you used during registration. Go to your Sporcle Settings to finish the process.

Report this User

Report this user for behavior that violates our Community Guidelines.

Details: